000 00721nam a2200265Ia 4500
003 OSt
005 20220926011303.0
006 a|||||r|||| 00| 0
007 ta
008 220923b |||||||| |||| 00| 0 eng d
037 _cGeneral Book
040 _aRTL
_cRTL
_beng
041 _2eng
_aeng
082 _aS:35, K4
100 _aLehner George F J
245 0 _aDynamics of personal adjustment
250 _a2
260 _aNew Jersey
_bPrentice-Hall U S A
_c1964
300 _axiv,481p
_ccm.
500 _aBibliography at the end of each chapter
650 _aPsychology
700 _a Kube Ella
942 _hS:35, K4
_cGB
_2CC
999 _c619560
_d619560